000 00374nam a2200169Ia 4500
001 8662
003 GE_BSU
008 181216s||||||||xx |||||||||||||| ||und||
040 _cGE_BSU
245 _aLe Point №2152.12 decembre 2013.
245 _b№2152.12 decembre 2013.
260 _aParis
260 _c2013
300 _a106p.27cm.
653 _aLe Point
942 _cCR
999 _c41978
_d41978